000 00587nam a2200181 u 4500
001 000559115
003 AM-YeHGA
005 20250617140307.0
008 071128s1975 ||| r 000 0 rus d
040 _aAM-YeHGA
041 1 _arus
_hlav
100 1 _aСирмбардис, Ян Августович
245 1 0 _aЗарницы :
_bСтихи : Перевод с латышского /
_cЯн Сирмбардис.
260 _aМосква :
_bСов. писатель,
_c1975.
300 _a119 с. :
_bпортр.
653 0 _aЛатышская поэзия
090 _c218849
999 _c217324
_d217324